000 00544nam a2200193Ia 4500
003 OSt
005 20221007082750.0
006 a|||||r|||| 00| 0
007 ta
008 221006b |||||||| |||| 00| 0 eng d
024 _a23,026
037 _cDissertations
040 _aFLL
_cFLL
_beng
041 _2eng
_aeng
100 _aSoodi B.K.
_9699441
245 0 _aConcepts of equality and compensatory discrimination under India constitution with contitutional debates
942 _cDIS
_2CC
999 _c1167668
_d1167668